| 000 | 00650 a2200169 4500 | ||
|---|---|---|---|
| 003 | Nust | ||
| 005 | 20230201135307.0 | ||
| 040 | _cNust | ||
| 082 | _a927.954,ASA | ||
| 100 |
_a Asad,Muhammad _91343 |
||
| 245 |
_aThe principles of state and Government in Islam / _cMuhammad Asad |
||
| 260 |
_aKuala Lumpar _bIslamic book trust _c2007 |
||
| 300 | _a111 | ||
| 505 | _aThe Issue Before Us (Page-1), Terminology And Historical Precedent (Page-18), Government (Page-30), Relationship Between (Page-51), The Citizens (Page-69), Conclusion (Page-95). | ||
| 650 |
_aThe principles of state and government in islam _9108411 |
||
| 942 |
_2ddc _cBK _k927.954,ASA |
||
| 999 |
_c186955 _d186955 |
||